Countries with the most pigs - Statistics

General Stats
  • This quiz has been taken 132 times
  • The average score is 12 of 15
Answer Stats
Population (in millions) Country % Correct
75.8 United States
98%
434.2 China
97%
12.1 France
91%
27.5 Russia
91%
33.1 Brazil
90%
13.8 Canada
90%
26.3 Germany
89%
12.7 Mexico
89%
30.1 Spain
84%
9 Japan
78%
8.3 Italy
77%
9.4 Poland
74%
11.1 South Korea
56%
5.4 Belgium
30%
10.9 Denmark
28%
No matching quizzes found
Score Distribution
Percent of People with Each Score
Percentile by Number Answered
Your Score History
You have not taken this quiz